Les candidats de la saison 1 de l'île des défis extrêmes - Statistiques

Statistiques générales
  • Ce quiz a été pris 249 fois
  • Le résultat moyen est 17 sur 22
Statistiques - réponses
Réponse % Correct
Gontran
92%
Hugo
92%
Audrey
90%
Joelle
90%
Marilou
85%
DJ
84%
Tania
84%
Brigitte
79%
Loic
78%
Ezekiel
76%
Harold
76%
Berthe
75%
Lucas
75%
Edith
72%
Eva
72%
JF
72%
Sandrine
71%
Simon
71%
Justin
70%
Jordy
68%
Leshawna
68%
Katrine
59%
Aucun quiz correspondant
Distribution des résultats
% des personnes avec chaque résultat
Percentile par nombre de réponses
Votre historique - résultats
Vous n’avez pas pris ce quiz